000 00849nam a2200265Ia 4500
999 _c53652
_d53652
001 20699
003 GE_BSU
005 20210305213332.0
008 181216s2014||||xx |||||||||||||| ||eng||
020 _a9788847058323
040 _cGE_BSU
041 _aeng
080 _a616.3 U-43
245 _aUltrasound-Guided Liver Surgery :
_bAn Atlas /
_cEditor Guido Torzili.
264 _aLondon :
_bSpringer,
_c2014.
300 _a280 p. ;
_c25 cm.
541 _h272 Gel.
653 _aUltrasound-Guided Liver Surgery
653 _aAn Atlas
653 _aУльтразвуковая хирургия печени
653 _aმედიცინა
653 _aულტრაბგერითი-მართვადი ღვიძლის ქირურგია
700 _aTorzili, Guido
_cEditor
_910349
942 _cBK
_2udc